000 00893nam a2200265Ia 4500
003 GCL
008 140319s9999 xx 000 0 ara d
040 _aGCL /
_cGCL
082 0 4 _a721
_bن م
100 1 _aنبيل حسن
245 1 0 _aالملاعب والقرى الاولمبية تخطيط وتصميم معمارت وانشاء /
_cنبيل حسن
260 _a[S.N] :
_bدار الراتب الجامعية
300 _a225 ص
490 _aالموسوعة المعمارية
_v0
650 0 4 _aالتصميم الانشائى
650 0 4 _aنظرية الانشاءات
650 0 4 _aالمبانى
650 0 4 _aمواد البناء
650 0 4 _aالعمارة
650 0 4 _aالرسم المعمارى
650 0 4 _aالتصميمات المعمارية
650 0 4 _aمواصفات قياسية
650 0 4 _aالمبانى الرياضية
942 _2ddc
_cBK
999 _c58809
_d58809